书目信息 |
| 题名: |
半导体材料硅的生产
|
|
| 作者: | 冶金部北京有色冶金设计院 编 | |
| 分册: | ||
| 出版信息: | 中国工业出版社 1970 |
|
| 页数: | 146页 | |
| 开本: | 25cm | |
| 丛书名: | ||
| 单 册: | ||
| 中图分类: | TN304.1-36 | |
| 科图分类: | ||
| 主题词: | 半导体技术 | |
| 电子资源: | ||
| ISBN: | ||
| 000 | 00615nam0 2200181 450 | |
| 001 | 0663426428 | |
| 005 | 20060724173939.96 | |
| 010 | @dCNY0.85 | |
| 100 | @a20060724d1970 km y0chiy0120 ea | |
| 101 | 0 | @achi |
| 200 | 1 | @a半导体材料硅的生产@Aban dao ti cai liao gui de sheng chan@f冶金部北京有色冶金设计院 编@Fye jin bu bei jing you se ye jin she ji yuan bian |
| 210 | @c中国工业出版社@d1970 | |
| 215 | @a146页@d25cm | |
| 606 | 0 | @a半导体技术 |
| 690 | @aTN304.1-36@v3 | |
| 701 | 0 | @a冶金部北京有色冶金设计院@Aye jin bu bei jing you se ye jin she ji yuan@4编 |
| 801 | 0 | @aCN@bPFT@c20060724 |
| 905 | @a10447@dTN304.1-36@e37 | |
| 半导体材料硅的生产/冶金部北京有色冶金设计院 编.-中国工业出版社,1970 |
| 146页;25cm |
| ISBN :CNY0.85 |
| ● |
| 相关链接 |
|
|
|
|
正题名:半导体材料硅的生产
索取号:TN304.1-36/37
 
预约/预借
| 序号 | 登录号 | 条形码 | 馆藏地/架位号 | 状态 | 备注 |
| 1 | 0438289 | 204382890 | 密集书库/ [索取号:TN304.1-36/37] | 在馆 |